000 00899cab a2200253 4500
001 WB3138-58
008 090401t1995 xxu||||| |||| 00| 0 eng d
035 _a(Sirsi) u68938
041 _aeng
245 _aCredit Foncier seeks lift to housing business
260 _c1995
350 _a0
490 _aFinancial Times
_v13 October 1995, 25(1)
520 _aCredit Foncier de France, the specialist property bank, is seeking means of aiding the construction of rented housing in France. Credit Foncier has also signed an agreement with the French post office concerning the government`s new zero interest housing loans.
650 _aCREDIT FONCIER DE FRANCE
650 _aFRANCE
650 _aRENTED HOUSING
650 _aRESIDENTIAL PROPERTY INVESTMENT
650 _aSOCIAL HOUSING
690 _aHOUSING-FINANCE
690 _aOVERSEAS-EUROPE
942 _n0
948 _c04/03/1997
999 _c43284
_d43284